Music Quiz

Random Music or Artist Quiz
Score 0/14 Timer 05:00
0 Plays Today
% Correct
Creedence Clearwater Revival
90.4%
Bob Dylan
89%
Glenn Frey
67.8%
Chingy
63.6%
Sam the Sham & The Pharaohs
63.2%
En Vogue
62.6%
Twenty One Pilots
62.6%
% Correct
Gary Wright
57.6%
The Pointer Sisters
57.2%
Eve
55.9%
Blood, Sweat & Tears
55.7%
Jody Watley
46.2%
Gary Puckett & The Union Gap
46.1%
The Cowsills
42.7%
Remove Ads.
Support Sporcle.
Get the best of Sporcle when you Go Orange. This ad-free experience offers more features, more stats, and more fun while also helping to support Sporcle. Thank you for becoming a member.

You're not logged in!

Compare scores with friends on all Sporcle quizzes.
OR
Log In

Sporcle TV

Today on Sporcle TV


Watch our educational content, quiz creation guides, and fun videos on Sporcle TV.

Show Comments

Extras

Top Quizzes Today


Score Distribution

Paid Content

Your Account Isn't Verified!

In order to create a playlist on Sporcle, you need to verify the email address you used during registration. Go to your Sporcle Settings to finish the process.

Report this User

Report this user for behavior that violates our Community Guidelines.

Details: